000 00332 a2200145 4500
001 142346
040 _cLeonardo Da Vinci
041 _aPortuguês
082 _av095
245 _aBÓSNIA
_bassassinato do arquiduque Sarajevo
260 _c1998
362 _a19980000
697 _aHistória
_aBósnia
_aImperialismo
942 _cVM
999 _c142346
_d142346